000 00378 a2200169 4500
001 48113
020 _a85-7056-642-5
040 _cAnchieta - Aquarius
100 _aJunqueira, Sônia
240 1 0 _aAdivinha, adivinhão!
_lpor
245 1 0 _aAdivinha, adivinhão!
300 _a24
362 0 _a1994
440 1 _aAtual
650 4 _aLiteratura infanto-juvenil
942 _cBK
999 _c48113
_d48113